Marcas de coche aleatorias por imagen - Estadísticas

Estadísticas generales
  • Esta prueba ha sido intentada 6.830 veces
    6.659 desde el último reinicio
  • La puntuación promedio es 14 de 20
Estadísticas de respuestas
Imagen Respuesta % Correcto
Audi
95%
Ford
95%
Ferrari
94%
BMW
93%
Toyota
93%
Volvo
93%
Tesla
92%
Honda
90%
Citroën
89%
Jeep
89%
Jaguar
88%
Kia
88%
Peugeot
87%
Renault
87%
Chevrolet
86%
SEAT
86%
Suzuki
86%
Hyundai
84%
Nissan
84%
Mazda
82%
Volkswagen
82%
Alfa Romeo
81%
Fiat
81%
Lamborghini
81%
Lexus
81%
Opel
81%
Mercedes-Benz
80%
MINI
79%
Porsche
78%
Mitsubishi
77%
Škoda
77%
Dacia
76%
Land Rover
76%
Aston Martin
74%
Bentley
70%
Rolls-Royce
70%
CUPRA
69%
Subaru
69%
Maserati
63%
MG
61%
Rover
57%
McLaren
56%
DS
54%
Smart
53%
Cadillac
49%
Dodge
42%
Bugatti
41%
Abarth
38%
Infiniti
38%
Pagani
38%
Lotus
37%
Chrysler
36%
Saab
35%
Daewoo
25%
Koenigsegg
21%
Lincoln
19%
No se encontraron pruebas coincidentes
Distribución de puntuación
Porcentaje de gente con cada puntuación
Porcentaje por número respondido
Historial de tus puntuaciones
No has intentado esta prueba desde el último reinicio